| 000 | 01117cam a2200325 i 4500 | ||
|---|---|---|---|
| 001 | 31842 | ||
| 005 | 20230410101711.0 | ||
| 008 | 780627s1978 nyua bc 001 0 eng | ||
| 035 | _9(DLC) 78015502 | ||
| 035 | _a4628426 | ||
| 010 | _a78015502 | ||
| 020 | _a0810910535 (Abrams) | ||
| 020 |
_a0872730697 _bpbk. : _c$10.95 |
||
| 040 |
_aDLC _cDLC _dDLC |
||
| 043 | _anwht--- | ||
| 050 | 1 | 4 |
_a110 N 6606 _bH153 1978 |
| 082 | 0 | 0 | _a709/.7294/074013 |
| 245 | 0 | 0 |
_aHaitian art / _c[edited] by Ute Stebich. |
| 260 |
_aNew York : _bBrooklyn Museum : exclusively distributed by H. N. Abrams, _cc1978. |
||
| 300 |
_a176 p. : _bill. (some col.) ; _c28 cm. |
||
| 500 | _aExhibition held at Brooklyn Museum, Sept. 2-Nov. 5, 1978; Milwaukee Art Center, Dec. 22, 1978-Feb. 4, 1979; and New Orleans Museum of Art, Sept. 15-Oct. 28, 1979. | ||
| 504 | _aBibliography: p. 172-174. | ||
| 500 | _aIncludes index. | ||
| 650 | 0 |
_aArt, Haitian _xExhibitions. |
|
| 700 | 1 |
_aStebich, Ute, _d1942- |
|
| 710 | 2 | _aBrooklyn Museum. | |
| 710 | 2 | _aMilwaukee Art Center. | |
| 710 | 2 | _aNew Orleans Museum of Art. | |
| 942 |
_2lcc _cbk |
||
| 999 |
_c12325 _d12325 |
||